| 000 | 00000nas 2200000za 4500 |
| 001 | 9.500858 |
| 003 | CaOODSP |
| 005 | 20221107132922 |
| 007 | cr ||||||||||| |
| 008 | 150406d1965200uonc x m o f0 b0fre|d |
| 022 | |y0703-749X |
| 040 | |aCaOODSP|bfre |
| 043 | |an-cn--- |
| 086 | 1 |aCW69-4F-PDF|zCW69-4F-IN |
| 110 | 2 |aService canadien de la faune. |
| 245 | 13|aLa faune de l'arrière-pays |h[ressource électronique]. |
| 246 | 13|iCertaines livr. comportent le titre : |aFaune et flore du pays |
| 260 | |aOttawa : |bService canadien de la faune, |c1965-[200-] |
| 310 | |aIrrégulier |
| 500 | |aCertaines livraisons ont été numérisé à partir de la version imprimée [par Environnement et changement climatique Canada]. |
| 500 | |aPubl. aussi en anglais sous le titre : Hinterland who's who. |
| 692 | 07|2gccst|aDiversité biologique |
| 775 | 08|tHinterland who's who |w(CaOODSP)9.504437 |
| 776 | 0#|tFaune et flore du pays |w(CaOODSP)9.512901 |